[Event "ch-CZE"]
[Site "Prague CZE"]
[Date "2005.02.04"]
[Round "4"]
[White "Hracek,Z"]
[Black "Vokac,M"]
[Result "1-0"]
[WhiteElo "2600"]
[BlackElo "2476"]

1.e4 c5 2.Nf3 Nc6 3.Nc3 d6 4.d4 cxd4 5.Nxd4 Nf6 6.Bg5 Qa5 7.Bb5 Bd7 8.Nb3 Qd8
9.Qe2 e6 10.O-O-O Qc7 11.f4 Be7 12.Rd3 a6 13.Rhd1 O-O-O 14.Bxc6 Bxc6 15.Nd4 Kb8
16.e5 dxe5 17.fxe5 Rxd4 18.Rxd4 Nd5 19.Bxe7 Nxc3 20.bxc3 Qxe7 21.Qd2 Rc8
22.Rd8 Bd5 23.Rxc8+ Kxc8 24.Kb2 f5 25.exf6 gxf6 26.g3 f5 27.Qd4 Kb8 28.Qe5+ Qc7
29.Qxc7+ Kxc7 30.Rd4 h5 31.c4 Bf3 32.Kc3 e5 33.Rd3 Bg2 34.Rd2 Bf3 35.c5 Bg4
36.Rd5 e4 37.Kd4 Bh3 38.Rd6 Bg4 39.Rf6 Kd7 40.a4 a5 41.Rb6 Kc7 42.Rb5 Bd1
43.Rxa5 Kc6 44.Rb5 Bxc2 45.Rb6+ Kc7 46.Rf6  1-0

[Event "5th It"]
[Site "Pulvermuehle GER"]
[Date "2005.02.04"]
[Round "1"]
[White "Bindrich,F"]
[Black "Wells,P"]
[Result "0-1"]
[WhiteElo "2326"]
[BlackElo "2519"]

1.e4 c5 2.Nf3 Nc6 3.Nc3 d6 4.d4 cxd4 5.Nxd4 Nf6 6.Bg5 e6 7.Qd2 Be7 8.O-O-O O-O
9.f3 Nxd4 10.Qxd4 a6 11.h4 b5 12.Kb1 Bb7 13.Qd2 Qc7 14.Bd3 Rfd8 15.Ne2 Rac8
16.Nd4 b4 17.Qe1 h6 18.Bc1 Nd7 19.g4 d5 20.exd5 Bxd5 21.g5 h5 22.g6 Nc5 23.gxf7+ Kxf7
24.Bf1 Bf6 25.Bh3 Bxd4 26.Rxd4 Bxa2+ 27.Kxa2 Rxd4 28.Be3 b3+ 29.cxb3 Nd3
30.Qc3 Nb4+ 31.Kb1 Qxc3 32.bxc3 Rd3 33.Bd4 Nc6 34.Bf1 Rd1+ 35.Kc2 Rxf1  0-1

[Event "XII TCh-RUS 1st League"]
[Site "Smolensk RUS"]
[Date "2005.02.04"]
[Round "2"]
[White "Klimov,S"]
[Black "Tkachuk,A"]
[Result "1-0"]
[WhiteElo "2509"]
[BlackElo "2120"]

1.e4 c5 2.Nf3 Nc6 3.Nc3 e5 4.Bc4 Be7 5.d3 d6 6.O-O Nf6 7.h3 O-O 8.a3 a6 9.Rb1 b5
10.Ba2 Nd4 11.Nd2 Be6 12.Nd5 Bxd5 13.exd5 b4 14.Bc4 Nd7 15.Ra1 bxa3 16.Rxa3 Nb5
17.Ra1 f5 18.Nb3 Qb6 19.Na5 Kh8 20.Nc6 Bf6 21.g4 g6 22.g5 Bg7 23.h4 Nd4 24.h5 e4
25.hxg6 hxg6 26.Kg2 Be5 27.dxe4 f4 28.Rh1+ Kg7 29.Qg4 f3+ 30.Kf1 Qc7 31.Rh6 Nb6
32.Qh3 Rh8 33.Rxa6  1-0

[Event "ch-POL u-20"]
[Site "Sroda Wlkp. POL"]
[Date "2005.02.05"]
[Round "7"]
[White "Gajewski,G"]
[Black "Ejsmont,K"]
[Result "1-0"]
[WhiteElo "2401"]
[BlackElo "2356"]

1.e4 c5 2.Nc3 Nc6 3.Nf3 e5 4.Bc4 d6 5.d3 Be7 6.O-O Nf6 7.Ng5 O-O 8.f4 Bg4
9.Qe1 exf4 10.h3 Bh5 11.Bxf4 Nd4 12.Qd2 Qd7 13.g4 h6 14.gxh5 hxg5 15.Bxg5 Qxh3
16.Qg2 Qxg2+ 17.Kxg2 Nxc2 18.Rac1 Nd4 19.h6 Ne6 20.Rf5 Rae8 21.Rcf1 Ng4 22.Rxf7 Rxf7
23.Bxe6 Ne5 24.Bxf7+ Nxf7 25.h7+ Kxh7 26.Rxf7 Bxg5 27.Rxb7 Bf6 28.Nd5 Bd4
29.b3 Rf8 30.Rxa7 Rf2+ 31.Kg3 Rd2 32.Kg4 Rxd3 33.Rb7 Rd2 34.a4 Kh6 35.Rb6 Be5
36.Ne3 g6 37.Nc4 Rd3 38.Nxe5 dxe5 39.a5 Rd4 40.Kf3 c4 41.bxc4 Rxc4 42.Rb5 g5
43.Rxe5 Kh5 44.Re8 Rc3+ 45.Ke2 Ra3 46.Ra8 Kg4 47.a6 Kg3 48.a7 g4 49.e5 Kg2
50.e6 Ra6 51.Kd3 Rd6+ 52.Kc4 Rxe6 53.Rg8 Ra6 54.Rxg4+ Kf3 55.Rg7 Ke4 56.Re7+ Kf5
57.Kb5 Ra1 58.Kb6  1-0

[Event "2nd GM"]
[Site "Kish IRI"]
[Date "2005.02.06"]
[Round "7"]
[White "Ghaem Maghami,E"]
[Black "Agamaliev,G"]
[Result "1/2-1/2"]
[WhiteElo "2623"]
[BlackElo "2516"]

1.e4 c5 2.Nf3 Nc6 3.Nc3 g6 4.d4 cxd4 5.Nxd4 Bg7 6.Nb3 Nf6 7.Be2 O-O 8.O-O d6
9.Re1 Be6 10.Bf1 d5 11.Nc5 d4 12.Nxe6 fxe6 13.Nb1 Ne5  1/2-1/2

[Event "ch-POL u-20"]
[Site "Sroda Wlkp. POL"]
[Date "2005.02.08"]
[Round "11"]
[White "Szoen,D"]
[Black "Ejsmont,K"]
[Result "1-0"]
[WhiteElo "2465"]
[BlackElo "2356"]

1.e4 c5 2.Nf3 Nc6 3.Nc3 Nf6 4.Bb5 Qc7 5.O-O Nd4 6.Re1 a6 7.Bf1 e5 8.Nd5 Nxd5
9.exd5 d6 10.c3 Nxf3+ 11.Qxf3 g6 12.Qf6 Rg8 13.d4 Bg7 14.dxe5 dxe5 15.Qh4 Bf5
16.Bg5 h6 17.d6 Qxd6 18.Bf4 Be6 19.Bxh6 Bxh6 20.Qxh6 O-O-O 21.Qg5 Bf5 22.Qe3 f6
23.b4 cxb4 24.cxb4 Kb8 25.b5 a5 26.Rac1 Rh8 27.g3 Qd4 28.Qf3 Qg4 29.Qc3 Qb4
30.Qc7+ Ka8 31.a3 Qa4 32.Qb6 Rc8 33.Bg2 e4 34.Rxc8+ Rxc8 35.g4 Bd7 36.Bxe4  1-0

[Event "XII TCh-RUS 1st League"]
[Site "Smolensk RUS"]
[Date "2005.02.09"]
[Round "8"]
[White "Bazarov,K"]
[Black "Prudnikova,E"]
[Result "1/2-1/2"]
[WhiteElo "2191"]
[BlackElo "2130"]

1.e4 c5 2.Nf3 Nc6 3.Nc3 d6 4.d4 cxd4 5.Nxd4 e5 6.Ndb5 a6 7.Na3 Nf6 8.Bg5 b5
9.Nd5 Be7 10.Bxf6 Bxf6 11.c3 O-O 12.Nc2 Rb8 13.b4 Bg5 14.a4 Ne7 15.axb5 axb5
16.Nce3 Be6 17.Nxe7+ Qxe7 18.Nd5 Qd7 19.Be2 Qc6 20.Qd3 Rfc8 21.Ra3 f5 22.Bf3 Bxd5
23.exd5 Qd7 24.Qc2 e4 25.Be2 Qe7 26.Qd1 Qf6 27.O-O Rxc3 28.Ra5 Rc1 29.Qb3 Rxf1+
30.Bxf1 Qd4 31.Ra6 e3 32.fxe3 Bxe3+ 33.Kh1 Qf4 34.Qd1 Qf2 35.Bd3 Bf4 36.Bxf5 Qh4
37.Be6+ Kh8 38.Qg1 Be5 39.Ra3 Qxb4 40.Rf3 Ra8  1/2-1/2

[Event "2nd GM"]
[Site "Kish IRI"]
[Date "2005.02.10"]
[Round "11"]
[White "Moradiabadi,E"]
[Black "Paridar,S"]
[Result "1-0"]
[WhiteElo "2439"]
[BlackElo "2274"]

1.e4 c5 2.Nf3 Nc6 3.Nc3 e6 4.g3 a6 5.Bg2 b5 6.O-O Bb7 7.d4 cxd4 8.Nxd4 Qc7
9.Re1 Be7 10.Nxc6 Qxc6 11.Nd5 exd5 12.exd5 Qc7 13.d6 Qc8 14.Bxb7 Qxb7 15.dxe7 Nxe7
16.Qd6 O-O 17.Rxe7  1-0

[Event "FSIMA February"]
[Site "Budapest HUN"]
[Date "2005.02.11"]
[Round "7"]
[White "Toth,E"]
[Black "Caruana,F"]
[Result "0-1"]
[WhiteElo "2239"]
[BlackElo "2219"]

1.e4 c5 2.Nf3 Nc6 3.Nc3 Nf6 4.d4 cxd4 5.Nxd4 e5 6.Ndb5 d6 7.Bg5 a6 8.Na3 b5
9.Nd5 Be7 10.Bxf6 Bxf6 11.c3 Ne7 12.Nxe7 Qxe7 13.g3 Bb7 14.Bg2 O-O 15.Nc2 Bg5
16.Nb4 f5 17.O-O f4 18.a4 bxa4 19.Rxa4 Qf6 20.Nd5 Qf7 21.Qd3 Rad8 22.Rc4 Bc8
23.Rc7 Qh5 24.f3 Kh8 25.b4 Be6 26.g4 Qh4 27.Rc6 h5 28.Nc7 Bc8 29.Rxd6 hxg4
30.Rxd8 Rxd8 31.Qe2 g3 32.h3 Bxh3 33.Bxh3 Qxh3 34.Qg2 Qc8 35.Qh1+ Kg8 36.Nd5 Rd6
37.Qh5 Rh6 38.Qg4 Qc4 39.Re1 Qa2 40.Qc8+ Bd8 41.Ne7+ Kf7 42.Qf5+ Ke8  0-1

[Event "Tch-FIN 2004-5"]
[Site "Finland FIN"]
[Date "2005.02.12"]
[Round "7"]
[White "Lehtinen,A"]
[Black "Pessi,J"]
[Result "1-0"]
[WhiteElo "2182"]
[BlackElo "2180"]

1.e4 c5 2.Nc3 Nc6 3.Nge2 Nf6 4.g3 d6 5.Bg2 e6 6.O-O Be7 7.f4 O-O 8.Kh1 d5
9.e5 Ne8 10.d4 g6 11.Be3 cxd4 12.Nxd4 Ng7 13.g4 Bd7 14.Nce2 Rc8 15.c3 b5
16.Nxc6 Rxc6 17.Bxa7 Qa5 18.Bd4 h5 19.h3 hxg4 20.hxg4 b4 21.cxb4 Qxb4 22.Bc3 Qb7
23.Nd4 Rc4 24.Qd3 Rfc8 25.Qh3 Bb4 26.Ne2 Bxc3 27.bxc3 Qb2 28.Bf3 d4 29.cxd4 Rc2
30.Rfb1 Qa3 31.Kg2 Bc6 32.Rb3 Qa6 33.Kf2 Kf8 34.Re3 Bxf3 35.Qh8+ Ke7 36.Qh4+ Kd7
37.Kxf3 Ne8 38.Qh7 Ke7 39.f5 exf5 40.gxf5 Qc6+ 41.Kf2 Qc4 42.f6+ Kd8 43.Rd1 Ra8
44.a3 Rxa3 45.Qh6 Raa2 46.Re1 Qxd4 47.Qh3 Rd2 48.Kf1 Qb2 49.Rd3+ Rxd3 50.Qxd3+ Kc8
51.Qh3+ Kb8 52.Qd7 Nc7 53.Qxf7 Qxe5 54.Qxa2 Qxf6+ 55.Kg2  1-0

[Event "FSIMA February"]
[Site "Budapest HUN"]
[Date "2005.02.13"]
[Round "9"]
[White "Toth,E"]
[Black "Martini,B"]
[Result "0-1"]
[WhiteElo "2239"]
[BlackElo "2333"]

1.e4 c5 2.Nf3 Nc6 3.Nc3 e5 4.Bc4 d6 5.d3 Be7 6.Be3 Nf6 7.h3 O-O 8.O-O Na5
9.a3 Nxc4 10.dxc4 Ne8 11.Qe2 Nc7 12.Rad1 Qe8 13.b3 f5 14.exf5 Bxf5 15.Kh1 Qh5
16.Ne1 Qxe2 17.Nxe2 g5 18.g4 Bg6 19.Nc3 Ne6 20.Nd5 Bd8 21.Kg2 Nd4 22.Bxd4 cxd4
23.f3 Bf7 24.Nd3 b5 25.c3 bxc4 26.bxc4 dxc3 27.Nxc3 Bxc4 28.Rfe1 Rb8 29.Ne4 Rb3
30.Nb4 Rfxf3 31.Rxd6 Be7 32.Rd7 Rf7 33.Nc6 Bxa3 34.Rd8+ Rf8 35.Red1 Be2 36.Rxf8+ Bxf8
37.Re1 Bf3+ 38.Kh2 Bxe4 39.Rxe4 Rb5 40.Ra4 Bd6 41.Rxa7 e4+ 42.Kg2 Rb2+ 43.Kf1 e3
44.Nd4 Rf2+ 45.Kg1 Bh2+ 46.Kh1 Be5 47.Ra8+ Kf7 48.Nc6 Bf6 49.Kg1 Rc2 50.Ra7+ Ke8
51.Nb4 Rc1+ 52.Kg2 e2 53.Nd3 Rd1 54.Rxh7 Rxd3 55.Kf2 Re3  0-1

[Event "71st ch-BRA"]
[Site "Sao Jose do Rio Preto BRA"]
[Date "2005.02.14"]
[Round "1"]
[White "Van Riemsdijk,H"]
[Black "Galati,M"]
[Result "1-0"]
[WhiteElo "2409"]
[BlackElo "2195"]

1.e4 c5 2.Nf3 Nc6 3.Nc3 e5 4.Bc4 Be7 5.d3 d6 6.Nd2 Bg5 7.h4 Bh6 8.Nf1 Bxc1
9.Qxc1 Nd4 10.Ne3 Be6 11.Qd2 Ne7 12.Bxe6 fxe6 13.Ne2 Ng6 14.c3 Nxe2 15.Qxe2 Nf4
16.Qc2 Qd7 17.O-O-O Qb5 18.h5 g6 19.hxg6 Nxg6 20.Rh6 O-O-O 21.Rdh1 Qd7 22.Kb1 Qf7
23.d4 cxd4 24.cxd4+ Kb8 25.d5 exd5 26.Nxd5 Nf4 27.Nxf4 Qxf4 28.f3 Rd7 29.Qd3 Qg3
30.Rxd6 Qxg2 31.Rc1 Rxd6 32.Qxd6+ Ka8 33.Qxe5 Rd8 34.Qd5 Rf8 35.e5 a6 36.e6 Qe2
37.f4  1-0

[Event "71st ch-BRA"]
[Site "Sao Paulo BRA"]
[Date "2005.02.14"]
[Round "1"]
[White "Van Riemsdijk,H"]
[Black "Galati,M"]
[Result "1-0"]
[WhiteElo "2409"]
[BlackElo "2195"]

1.e4 c5 2.Nf3 Nc6 3.Nc3 e5 4.Bc4 Be7 5.d3 d6 6.Nd2 Bg5 7.h4 Bh6 8.Nf1 Bxc1
9.Qxc1 Nd4 10.Ne3 Be6 11.Qd2 Ne7 12.Bxe6 fxe6 13.Ne2 Ng6 14.c3 Nxe2 15.Qxe2 Nf4
16.Qc2 Qd7 17.O-O-O Qb5 18.h5 g6 19.hxg6 Nxg6 20.Rh6 O-O-O 21.Rdh1 Qd7 22.Kb1 Qf7
23.d4 cxd4 24.cxd4+ Kb8 25.d5 exd5 26.Nxd5 Nf4 27.Nxf4 Qxf4 28.f3 Rd7 29.Qd3 Qg3
30.Rxd6 Qxg2 31.Rc1 Rxd6 32.Qxd6+ Ka8 33.Qxe5 Re8 34.Qd5 Rf8 35.e5 h6 36.e6 Qe2
37.f4  1-0

[Event "Aeroflot Open B"]
[Site "Moscow RUS"]
[Date "2005.02.15"]
[Round "1"]
[White "Kovalevskaya,E"]
[Black "Sherbakov,R"]
[Result "1/2-1/2"]
[WhiteElo "2466"]
[BlackElo "2549"]

1.e4 c5 2.Nc3 Nc6 3.Bb5 g6 4.Bxc6 bxc6 5.d3 Bg7 6.f4 d6 7.Nf3 Nh6 8.O-O f6
9.Kh1 Nf7 10.Be3 O-O 11.Qd2 Rb8 12.b3 Qa5 13.Rae1 Rb7  1/2-1/2

[Event "Jersey Open"]
[Site "Jersey JCI"]
[Date "2005.02.16"]
[Round "4"]
[White "Heath,J"]
[Black "Jones,Chr"]
[Result "0-1"]
[WhiteElo "1978"]
[BlackElo "2119"]

1.e4 c5 2.Nc3 Nc6 3.Nf3 g6 4.d4 cxd4 5.Nxd4 d6 6.Bc4 Bg7 7.Be3 Nf6 8.Bb3 O-O
9.f3 Bd7 10.Qd2 Rc8 11.Nxc6 bxc6 12.Ne2 c5 13.c4 a5 14.Nc3 Qe8 15.Qc2 Bc6
16.Ba4 Bxa4 17.Nxa4 Nd7 18.Rd1 Rb8 19.b3 Ne5 20.Nc3 Nc6 21.Nb5 Nb4 22.Qd2 Rxb5
23.cxb5 Qxb5 24.Kf2 f5 25.a3 Nc6 26.Qd5+ Kh8 27.a4 Qa6 28.exf5 Rxf5 29.Qd3 Qb6
30.Rhe1 Qb4 31.Qb5 Qh4+ 32.Kg1 Nd4 33.Qxa5 Nc2 34.Bf2 Qg5 35.Re2 Nd4 36.Re3 Nxf3+
37.Kh1 Ne5 38.Qd2 Ng4 39.Re2 Qh5 40.Bg3 Be5 41.Bxe5+ Rxe5 42.Qf4 Rf5  0-1

[Event "Aeroflot Open"]
[Site "Moscow RUS"]
[Date "2005.02.16"]
[Round "2"]
[White "Fedorov,Alex"]
[Black "Ivanchuk,V"]
[Result "0-1"]
[WhiteElo "2603"]
[BlackElo "2711"]

1.e4 c5 2.Nf3 Nc6 3.Nc3 d6 4.d4 cxd4 5.Nxd4 Nf6 6.f3 e5 7.Nb3 Be7 8.Be3 O-O
9.Qd2 a5 10.Bb5 Be6 11.O-O-O Nb4 12.a3 d5 13.axb4 d4 14.Nxd4 exd4 15.Qxd4 Qxd4
16.Rxd4 axb4 17.Nb1 Rfc8 18.c4 bxc3 19.bxc3 Ra5 20.Be2 Bc5 21.Rhd1 Nd7 22.Kd2 Ra2+
23.Ke1 Bxd4 24.Bxd4 Bb3 25.Rc1 Ra4 26.Kd2 Nc5 27.Ke3 Ne6 28.Be5 f6 29.Bg3 Ra1
30.Bb5 Ba2 31.Bd7 Rd8 32.Bxe6+ Bxe6 33.c4 Rc8  0-1

[Event "71st ch-BRA"]
[Site "Sao Paulo BRA"]
[Date "2005.02.16"]
[Round "4"]
[White "Marra,E"]
[Black "Bil,A"]
[Result "1-0"]
[WhiteElo "2261"]
[BlackElo "2135"]

1.e4 c5 2.Nf3 Nc6 3.Nc3 e5 4.Bc4 Be7 5.d3 d6 6.O-O Nf6 7.Ng5 O-O 8.f4 Bg4
9.Nf3 exf4 10.Bxf4 Ne5 11.Qd2 Nxf3+ 12.gxf3 Bh3 13.Rfd1 Be6 14.Qe2 Nh5 15.Be3 Bg5
16.Nd5 Bxd5 17.Bxd5 Bf4 18.Kh1 Qh4 19.Qf2 Qh3 20.Rg1 g6 21.Rg4 Bxe3 22.Qxe3 Nf6
23.Rg5 h6  1-0

[Event "GM"]
[Site "Nancy FRA"]
[Date "2005.02.17"]
[Round "5"]
[White "Nijboer,F"]
[Black "Tirard,H"]
[Result "1-0"]
[WhiteElo "2549"]
[BlackElo "2461"]

1.e4 c5 2.Nf3 Nc6 3.Nc3 Nf6 4.Bb5 g6 5.h3 Qc7 6.O-O Bg7 7.Re1 e5 8.d3 O-O
9.Bc4 d6 10.Nh2 a6 11.a3 b5 12.Nd5 Nxd5 13.Bxd5 Be6 14.Bxe6 fxe6 15.Be3 Kh8
16.c3 c4 17.dxc4 bxc4 18.Qg4 d5 19.Qxe6 d4 20.Bg5 Rab8 21.Qxc4 Rxb2 22.Nf3 Qb6
23.Rac1 Na5 24.Qd3 Nb3 25.Rc2 Nc5 26.Qd2 Rb1 27.cxd4 Nxe4 28.Rxb1 Qxb1+ 29.Qc1 Qxc1+
30.Rxc1 Nxg5 31.Nxg5 Bh6 32.h4 Bxg5 33.hxg5 exd4 34.Rc5 Rb8 35.f4 Rb3 36.Ra5 d3
37.Kf2 d2 38.Ke2 Rd3 39.Kd1 Rd6 40.Ra4 h6 41.gxh6 Kh7 42.g4 Kxh6 43.Rc4 Kg7
44.Rc7+ Kf8 45.g5 Ke8 46.Ra7 Kf8 47.a4 Ke8 48.a5 Kf8 49.Rb7 Rd5 50.Rb6 Rxa5
51.Kxd2 Kf7 52.Rb7+ Ke6 53.Ke3 Ra3+ 54.Ke4 Ra4+ 55.Kf3 Ra3+ 56.Kg4 Ra1 57.Rg7 Rg1+
58.Kf3 Rf1+ 59.Kg3 Kf5 60.Rf7+ Ke4 61.Re7+ Kd5 62.Rg7 Ke4 63.Rxg6 Rf3+ 64.Kg4 Rxf4+
65.Kh5 a5 66.Ra6 Rf7 67.Kh6  1-0

[Event "71st ch-BRA"]
[Site "Sao Paulo BRA"]
[Date "2005.02.17"]
[Round "5"]
[White "Araujo,A"]
[Black "Galati,M"]
[Result "0-1"]
[WhiteElo "2258"]
[BlackElo "2195"]

1.e4 c5 2.Nc3 Nc6 3.Nge2 e5 4.g3 g6 5.Bg2 Nge7 6.O-O Bg7 7.f4 d6 8.d3 Rb8
9.a3 b5 10.f5 f6 11.Be3 Nd4 12.g4 Rf8 13.Ng3 a5 14.Nb1 b4 15.axb4 axb4 16.Nd2 Bd7
17.c3 bxc3 18.bxc3 Nb5 19.Nc4 Bc6 20.Qc2 Nc8 21.h4 Bd7 22.Bf3 Rf7 23.Qd2 Ne7
24.Ra6 Bc8 25.Ra2 Bd7 26.Rb2 Bc6 27.Rfb1 Ng8 28.Bd1 Ra7 29.d4 cxd4 30.cxd4 Raa8
31.d5 Bd7 32.Be2 Ke7 33.fxg6 hxg6 34.h5 g5 35.Nxe5 fxe5 36.Bxb5 Bxg4 37.h6 Bh8
38.Bxg5+ Nf6 39.Bc6 Rxb2 40.Qxb2 Rc8 41.Qf2 Kf7 42.Rf1 Kg6 43.Bh4 Rb8 44.Qe3 Qb6
45.Qxb6 Rxb6 46.Nf5 Nxe4 47.Ne7+ Kxh6 48.Nf5+ Kh7 49.Be7 Bxf5 50.Rxf5 Kg6
51.Rf8 Bf6 52.Be8+ Kf5 53.Rg8 Kf4 54.Bf8 Rb1+ 55.Kg2 Rb2+ 56.Kf1 Bg5 57.Bg6 Ng3+
58.Ke1 Rb6 59.Bc2 Ra6 60.Kd2 Nf1+ 61.Kc3 Ne3 62.Bb3 Nf5 63.Kb4 Rb6+ 64.Ka4 e4
65.Bc2 Rb8 66.Rh8 Rb2 67.Bxe4 Kxe4 68.Bxd6 Nxd6 69.Rh5 Be3 70.Rh4+ Kd3 71.Rh3 Rb8
72.Rg3 Kc4 73.Rg4+ Bd4  0-1

[Event "Extraliga CZE 2004-5"]
[Site "Czech Rep CZE"]
[Date "2005.02.19"]
[Round "6"]
[White "Laznicka,V"]
[Black "Zezulkin,J"]
[Result "0-1"]
[WhiteElo "2471"]
[BlackElo "2535"]

1.e4 c5 2.Nf3 Nc6 3.Nc3 Nf6 4.Bb5 Qc7 5.O-O Nd4 6.Nxd4 cxd4 7.Nd5 Nxd5 8.exd5 g6
9.Re1 a6 10.Ba4 Bg7 11.d3 h6 12.Qe2 Bf6 13.Qf3 Kf8 14.Bd2 d6 15.c3 b5 16.Bb3 Bd7
17.Rac1 Qb6 18.cxd4 Rc8 19.Rc3 a5 20.Rec1 Kg7 21.Be3 a4 22.Bd1 a3 23.b4 Bxd4
24.Kf1 h5 25.Qf4 Bxe3 26.Qxe3 Qxe3 27.fxe3 Kf6 28.Ke1 h4 29.Kd2 h3 30.g3 Rxc3
31.Rxc3 Ra8 32.Rc7 Bc8 33.Be2 e5 34.Kc3 Kg5 35.Rxf7 Bg4 36.Bf1 Rc8+ 37.Kd2 Ra8
38.Kc3 Rc8+ 39.Kd2 Ra8 40.Kc3 Bd1 41.Bxh3 Rh8 42.Bg2 Rxh2 43.Rf2 Ba4 44.d4 exd4+
45.Kxd4 Kg4 46.Bf3+ Kxg3 47.Rxh2 Kxh2 48.e4 Bb3 49.e5 dxe5+ 50.Kxe5 Bxa2
51.d6 Bc4 52.d7 a2 53.d8=Q a1=Q+ 54.Kf4 Qc1+ 55.Ke5 Kg3 56.Bd5 Qf4+  0-1

[Event "Open"]
[Site "Portsmouth ENG"]
[Date "2005.02.19"]
[Round "2"]
[White "Webb,Ri"]
[Black "Weber,T"]
[Result "1-0"]
[WhiteElo "2313"]
[BlackElo "2211"]

1.e4 c5 2.Nc3 Nc6 3.Nge2 g6 4.d4 cxd4 5.Nxd4 Bg7 6.Be3 Nf6 7.Bc4 O-O 8.Bb3 d6
9.f3 Nd7 10.h4 Na5 11.h5 Nb6 12.hxg6 hxg6 13.Qd3 Bd7 14.O-O-O Rc8 15.Bh6 Nbc4
16.Kb1 Rc5 17.g4 e6 18.f4 Bxh6 19.Rxh6 Kg7 20.Rdh1 Rg8 21.f5 gxf5 22.gxf5 Qg5
23.Bxc4 Nxc4 24.fxe6 fxe6 25.Rh7+ Kf8 26.Nf3 Qf4 27.Rxd7 Ke8 28.Rxb7 Rf8  1-0

[Event "Open"]
[Site "Portsmouth ENG"]
[Date "2005.02.20"]
[Round "5"]
[White "Webb,Ri"]
[Black "Wells,P"]
[Result "0-1"]
[WhiteElo "2313"]
[BlackElo "2519"]

1.e4 c5 2.Nc3 Nc6 3.Nge2 d6 4.g3 g6 5.d4 cxd4 6.Nxd4 Bg7 7.Nde2 Nf6 8.Bg2 O-O
9.O-O Rb8 10.a4 a6 11.h3 b5 12.axb5 axb5 13.Nd5 Nd7 14.c3 e6 15.Ne3 Qb6 16.Nc2 b4
17.Be3 Qc7 18.Ncd4 Nde5 19.Nxc6 Nxc6 20.Qa4 Bd7 21.Qa6 Ne5 22.Qa2 Nc4 23.Bc1 Rfc8
24.Rd1 bxc3 25.bxc3 Rb7 26.Nd4 Rcb8 27.Bf1 Nb2 28.Bxb2 Rxb2 29.Qa5 Qc8 30.Ba6 Qc5
31.Qxc5 dxc5 32.Ne2 Bc6 33.Bd3 h5 34.Rab1 Rxb1 35.Bxb1 Rb2 36.Kf1 Bf6 37.h4 Ba4
38.Re1 Bb5  0-1

[Event "71st ch-BRA"]
[Site "Sao Paulo BRA"]
[Date "2005.02.20"]
[Round "9"]
[White "Van Riemsdijk,H"]
[Black "Lima,Da"]
[Result "1/2-1/2"]
[WhiteElo "2409"]
[BlackElo "2529"]

1.e4 c5 2.Nf3 Nc6 3.Nc3 Nf6 4.Bb5 Qc7 5.O-O Nd4 6.Re1 a6 7.Bf1 e5 8.Bc4 Be7
9.Nd5 Nxd5 10.Bxd5 d6 11.Nxd4 exd4 12.a4 O-O 13.d3 Be6 14.a5 Bf6 15.b3 Bxd5
16.exd5 Rfe8 17.f4 Rxe1+ 18.Qxe1 Qd7 19.Qf1 Qg4 20.Bd2 Qh5 21.Qf3 Qxf3 22.gxf3 Re8
23.Kf1 Kf8 24.Rb1 Rc8 25.Ke2 Bd8 26.Kd1 Ke8 27.b4 c4 28.dxc4 Rxc4 29.Rb2 d3
30.c3 Bf6 31.Rb3 h6 32.b5 Ra4 33.bxa6 bxa6 34.c4 Ra1+ 35.Bc1 Rxa5 36.Kd2 Ra2+
37.Kxd3 Rxh2 38.Ba3 Be7 39.Rb8+ Kd7 40.Rb7+ Ke8 41.Ra7 Ra2 42.Bb4 h5 43.Ra8+ Kd7
44.Ra7+ Ke8 45.Ra8+ Kd7 46.Ra7+  1/2-1/2

[Event "VIII Malaga Open"]
[Site "Campillos ESP"]
[Date "2005.02.22"]
[Round "5"]
[White "Carlsson,P"]
[Black "Llanes Hurtado,M"]
[Result "1/2-1/2"]
[WhiteElo "2381"]
[BlackElo "2418"]

1.e4 c5 2.Nf3 Nc6 3.Nc3 Nf6 4.d4 cxd4 5.Nxd4 e5 6.Ndb5 d6 7.Bg5 a6 8.Na3 b5
9.Nd5 Be7 10.Bxf6 Bxf6 11.c3 Bg5 12.Nc2 Rb8 13.Be2  1/2-1/2

[Event "Aeroflot Open"]
[Site "Moscow RUS"]
[Date "2005.02.22"]
[Round "8"]
[White "Timofeev,Arty"]
[Black "Nataf,IA"]
[Result "1-0"]
[WhiteElo "2619"]
[BlackElo "2557"]

1.e4 c5 2.Nf3 Nc6 3.Nc3 e5 4.Bc4 Be7 5.d3 d6 6.Nd2 Nf6 7.Nf1 Bg4 8.f3 Be6
9.Ne3 O-O 10.O-O Rb8 11.Ned5 Nd4 12.a4 Nxd5 13.exd5 Bc8 14.Ne4 f5 15.Nxc5 dxc5
16.d6+ Be6 17.Bxe6+ Nxe6 18.dxe7 Qxe7 19.Re1 Qd6 20.c3 Rbd8 21.Qb3 Qd5 22.Ra3 Rfe8
23.Qxd5 Rxd5 24.c4 Rdd8 25.Rxe5 Nd4 26.Rxe8+ Rxe8 27.Bd2 Nc2 28.Rc3 Nd4 29.Ra3 Nc2
30.Rb3 Re2 31.Bc3 Ne3 32.Rxb7 Rxg2+ 33.Kh1 f4 34.Re7 Rf2 35.Rxg7+ Kf8 36.Rg1 Rxf3
37.Be5 Ke7 38.Re1 Nc2 39.Re4 Rxd3 40.Bc3+ Kf7 41.Rxf4+ Kg6 42.Kg2 Kg5 43.Re4 Kf5
44.Re5+ Kf4 45.Rxc5 Ne3+ 46.Kf2 Ng4+ 47.Kg1 Ne3 48.Rc7 Kf3 49.Rf7+ Ke2 50.Rf2+ Kd1
51.c5 Kc1 52.Re2 Nd5 53.Be5 Nb4 54.Bf4+ Kb1 55.Bd2 Nc6 56.Bc3 Rd5 57.b4 a5
58.b5 Rxc5 59.Re3 Nd8 60.Bxa5 Nb7 61.Bb6 Rg5+ 62.Rg3 Rh5 63.Rd3 Rh6 64.a5 Kc2
65.Rd7 Nd6 66.Rxd6 Rxd6 67.a6 Rg6+ 68.Kf1  1-0

[Event "12th Metalis Open"]
[Site "Bizovac CRO"]
[Date "2005.02.26"]
[Round "5"]
[White "Biti,O"]
[Black "Stupar,S"]
[Result "1-0"]
[WhiteElo "2348"]
[BlackElo "2164"]

1.e4 c5 2.Nc3 Nc6 3.Bb5 e6 4.Bxc6 bxc6 5.d3 d6 6.f4 g6 7.Nf3 Bg7 8.O-O Ne7
9.Qe1 Qb6 10.Kh1 a5 11.e5 d5 12.Na4 Qb5 13.b3 Nf5 14.c4 Qb8 15.Ba3 O-O 16.Bxc5 h5
17.h3 d4 18.g4 Ne3 19.Qh4 Bb7 20.Rg1 f6 21.gxh5 Nf5 22.Qg4 gxh5 23.Qxh5 Rf7
24.Qg6 fxe5 25.Ng5  1-0

[Event "12th Metalis Open"]
[Site "Bizovac CRO"]
[Date "2005.02.26"]
[Round "5"]
[White "Radic,B"]
[Black "Saric,Iv"]
[Result "0-1"]
[WhiteElo "2124"]
[BlackElo "2273"]

1.e4 c5 2.Ne2 Nc6 3.Nbc3 Nf6 4.d3 e6 5.g3 Be7 6.Bg2 O-O 7.O-O a6 8.f4 d5
9.Nb1 dxe4 10.dxe4 Qc7 11.e5 Rd8 12.Qe1 Nd5 13.Bd2 Ndb4 14.Na3 b5 15.Nc3 Bb7
16.Be3 Nd4 17.Qf2 Bxg2 18.Qxg2 Nf5 19.Rfe1 c4 20.Bf2 Nc6 21.Ne4 c3 22.Rad1 cxb2
23.Nb1 Rxd1 24.Rxd1 Rd8 25.Re1 Nb4 26.g4 Nh4 27.Qh3 Nxc2 28.Rf1 Ng6 29.f5 Nxe5
30.fxe6 fxe6 31.g5 Qc6 32.Nbd2 Na3 33.Qg3 b1=Q 34.Nf6+ Bxf6 35.Nxb1 Nf3+
36.Kg2 Nxg5+  0-1

[Event "VIII Malaga Open"]
[Site "Campillos ESP"]
[Date "2005.02.26"]
[Round "9"]
[White "Carlsson,P"]
[Black "Saldano,H"]
[Result "0-1"]
[WhiteElo "2381"]
[BlackElo "2482"]

1.e4 c5 2.Nf3 Nc6 3.Nc3 d6 4.d4 cxd4 5.Nxd4 e5 6.Nxc6 bxc6 7.Bc4 Nf6 8.Bg5 Be7
9.Qd3 h6 10.Bh4 Rb8 11.O-O-O g5 12.Bg3 Qb6 13.b3 Nh5 14.h4 Nf4 15.Bxf4 gxf4
16.Rd2 Rg8 17.g3 Qd4 18.Qxd4 exd4 19.Ne2 fxg3 20.fxg3 c5 21.c3 dxc3 22.Rd3 Be6
23.Bd5 Bxd5 24.Rxd5 Rb4 25.e5 Re4 26.Nxc3 Rxe5 27.Rd3 Rg4 28.Rhd1 Kf8 29.Nd5 Re2
30.R1d2 Re1+ 31.Rd1 Rxd1+ 32.Kxd1 c4 33.bxc4 Rxc4 34.Kd2 Ra4 35.a3 Bd8 36.Ke2 Ra6
37.Nb4 Ra4 38.Nd5 Ra5 39.Ne3 Be7 40.Nd5 Ra4 41.Kf3 Bd8 42.Ne3 Bb6 43.Nf5 Bc5
44.Nxh6 Rxa3 45.Rxa3 Bxa3 46.Nf5 Bc5 47.Ke4 a5 48.g4 a4 49.Kd3 a3 50.Kc2 d5
51.Kb3 d4 52.Ng3 d3 53.Ne4 Bb4 54.g5 d2 55.Nf2 Kg7 56.h5 Be7 57.Nd1 Bxg5
58.Kxa3 Kh6 59.Kb3 Kxh5 60.Nf2 Kh4 61.Kc2 Kg3 62.Nd3 Kf3 63.Kd1 f6 64.Nb2 f5
65.Nc4 Bf4 66.Nb2 Be3 67.Nc4 Bf4 68.Nb2 Be5 69.Nc4 Bd4 70.Kxd2 Ke4 71.Ke2 f4
72.Kd2 f3 73.Kd1 Kf4 74.Ke1 Kg4  0-1

[Event "ch-BLR"]
[Site "Minsk BLR"]
[Date "2005.03.04"]
[Round "1"]
[White "Kupreichik,V"]
[Black "Zhigalko,S"]
[Result "1/2-1/2"]
[WhiteElo "2437"]
[BlackElo "2474"]

1.e4 c5 2.Nc3 Nc6 3.Nf3 e5 4.Bc4 d6 5.d3 Be7 6.O-O Nf6 7.Ng5 O-O 8.f4 Bg4
9.Qd2 exf4 10.Qxf4 Bh5 11.Nf3 a6 12.Bd2 b5 13.Bb3 Rc8 14.Kh1 Qd7 15.Rae1 Rb8
16.Nd5 Nxd5 17.exd5 Bxf3 18.dxc6 Bxc6 19.Bxf7+ Kh8 20.Qg3 Bh4 21.Qxh4 Rxf7
22.Rxf7  1/2-1/2

[Event "NWAPA Rector Cup"]
[Site "St Petersburg RUS"]
[Date "2005.03.06"]
[Round "3"]
[White "Bodnaruk,A"]
[Black "Ivanov,Al3"]
[Result "0-1"]
[WhiteElo "2138"]
[BlackElo "2350"]

1.e4 c5 2.Nc3 Nc6 3.Nge2 Nf6 4.d4 cxd4 5.Nxd4 d6 6.h3 e5 7.Nde2 Be6 8.g3 d5
9.exd5 Nxd5 10.Bg2 Nxc3 11.Nxc3 Qxd1+ 12.Nxd1 O-O-O 13.c3 f5 14.O-O Be7 15.Be3 g5
16.f4 gxf4 17.gxf4 e4 18.Kh2 Rhg8 19.Rg1 Bd6 20.b3 Ne7 21.c4 Bc7 22.Nb2 Ng6
23.Raf1 Rd7 24.Rf2 Rdg7 25.Bf1 Nh4 26.Rxg7 Rxg7 27.Be2 Ba5 28.Bh5 Bf7 29.Bd1 Rg8
30.Rc2 Be1 31.Na4 b6 32.a3 Rg3 33.Bg1 Rd3 34.Nb2 Bg3+ 35.Kh1 Rxb3 36.Bh2 Rxa3
37.Bxg3 Rxg3 38.Kh2 Ra3 39.c5 b5 40.Be2 Nf3+ 41.Bxf3 Rxf3 42.Kg2 Rxf4  0-1

[Event "Acropolis Women's GM Open"]
[Site "Athens GRE"]
[Date "2005.03.07"]
[Round "2"]
[White "Dembo,Y"]
[Black "Smokina,K"]
[Result "1/2-1/2"]
[WhiteElo "2395"]
[BlackElo "2241"]

1.e4 c5 2.Nc3 Nc6 3.Bb5 Nd4 4.Bc4 e6 5.Nf3 Ne7 6.Nxd4 cxd4 7.Ne2 Nc6 8.O-O a6
9.d3 Bc5 10.f4 Na5 11.Bb3 Nxb3 12.axb3 O-O 13.Ng3 f6 14.Kh1 b5 15.c3 d5 16.exd5 dxc3
17.bxc3 Qxd5 18.Ne4 Bb7 19.Qe2 Be7 20.c4 bxc4 21.bxc4 Qc6 22.Ba3 Bxa3 23.Rxa3 Rfe8
24.Rb3 Qc7 25.Rxb7 Qxb7 26.Nd6 Qd7 27.Nxe8 Rxe8 28.c5 Qd5 29.Rc1 Rc8 30.d4 a5
31.Qa6 Ra8 32.Qb6 Qxd4 33.Qxe6+ Kf8 34.c6 Qxf4 35.Re1 Qc7 36.Qd5 Rc8 37.Qc5+ Kf7
38.Qh5+ Kf8 39.Qc5+ Kf7 40.Qh5+  1/2-1/2